[Event "Plzen, FSB A"]
[Site "?"]
[Date "2001.??.??"]
[Round "4.13"]
[White "Chrz, P."]
[Black "Cioara, A."]
[Result "0-1"]
[WhiteElo "2151"]
[BlackElo "2403"]
[PlyCount "58"]
[EventDate "2000.??.??"]
[Source "ChessBase"]
[SourceDate "1996.11.15"]

1. e4 e6 2. d4 d5 3. Nd2 Nf6 4. e5 Nfd7 5. f4 c5 6. c3 Nc6 7. Ndf3 cxd4 8. cxd4
Qb6 9. g3 f6 10. Bd3 Be7 11. Bc2 O-O 12. Qd3 f5 13. a3 a5 14. b3 Qc7 15. g4 Nb6
16. Ne2 a4 17. b4 Bxb4+ 18. Kf2 Be7 19. Ng3 Nc4 20. h4 b5 21. Bd2 Bd7 22. h5
Rac8 23. Kg2 Nxd2 24. Qxd2 fxg4 25. Bxh7+ Kxh7 26. Qd3+ Rf5 27. Ng5+ Bxg5 28.
fxg5 Nxe5 29. g6+ Kg8 0-1

[Event "Plzen, FSB A"]
[Site "?"]
[Date "2001.??.??"]
[Round "4.14"]
[White "Porat, D."]
[Black "Michalek, J."]
[Result "0-1"]
[WhiteElo "2145"]
[BlackElo "2365"]
[PlyCount "96"]
[EventDate "2000.??.??"]
[Source "ChessBase"]
[SourceDate "1996.11.15"]

1. d4 Nf6 2. c4 g6 3. Nc3 Bg7 4. e4 d6 5. h3 O-O 6. Bg5 h6 7. Be3 e5 8. d5 Na6
9. Bd3 Nc5 10. Bc2 a5 11. a3 a4 12. Bxc5 dxc5 13. Nxa4 b6 14. Ne2 Bd7 15. Nac3
Ne8 16. b4 Nd6 17. Bd3 Qg5 18. g3 h5 19. bxc5 bxc5 20. Qd2 Qe7 21. Kf1 f5 22.
Kg2 h4 23. f3 hxg3 24. Nxg3 Qh4 25. Qf2 Ra5 26. Nge2 Qh6 27. a4 Bf6 28. Qf1 Bh4
29. Kh2 Kh8 30. Qg2 Rg8 31. Nb5 Qe3 32. Nxd6 cxd6 33. Bc2 Qd2 34. Ra2 Raa8 35.
Rd1 Qb4 36. Bd3 Qb3 37. Rad2 fxe4 38. Bxe4 Qxc4 39. f4 Rxa4 40. Bd3 Qb4 41.
fxe5 dxe5 42. Qf3 Bg5 43. Rc2 Qb8 44. Kh1 Rh4 45. Ng1 Bf4 46. Rg2 Qc8 47. Bxg6
Bxh3 48. Rh2 Bg2+ 0-1

[Event "Plzen, FSB A"]
[Site "?"]
[Date "2001.??.??"]
[Round "4.15"]
[White "Chudinovskich, A."]
[Black "Pliva, V."]
[Result "1-0"]
[WhiteElo "2362"]
[BlackElo "2152"]
[PlyCount "65"]
[EventDate "2000.??.??"]
[Source "ChessBase"]
[SourceDate "1996.11.15"]

1. e4 e5 2. Bc4 Nf6 3. d3 c6 4. Nf3 d5 5. Bb3 dxe4 6. Ng5 Be6 7. Nxe6 fxe6 8.
Bxe6 Qd6 9. Bc4 b5 10. Bb3 exd3 11. Qxd3 Qxd3 12. cxd3 Na6 13. O-O O-O-O 14.
Be3 Kb7 15. a4 Nc5 16. Nd2 a6 17. axb5 cxb5 18. Bd1 Rxd3 19. b4 Na4 20. Bxa4
bxa4 21. Rxa4 Nd5 22. Nc4 Nc3 23. Ra5 Bxb4 24. Rxe5 Rhd8 25. g4 Rc8 26. Na5+
Bxa5 27. Rxa5 Rc4 28. h3 Nd5 29. Rb1+ Kc7 30. Ba7 Rb4 31. Rxb4 Nxb4 32. Rf5 g6
33. Rf6 {dale necitelne} 1-0

[Event "Plzen, FSB A"]
[Site "?"]
[Date "2001.??.??"]
[Round "4.16"]
[White "Freisler, P."]
[Black "Lahner, J."]
[Result "1/2-1/2"]
[WhiteElo "2350"]
[BlackElo "2142"]
[PlyCount "69"]
[EventDate "2000.??.??"]
[Source "ChessBase"]
[SourceDate "1996.11.15"]

1. Nf3 Nf6 2. c4 e6 3. g3 b6 4. Bg2 Bb7 5. Nc3 c5 6. d4 cxd4 7. Qxd4 Be7 8. O-O
O-O 9. Rd1 Nc6 10. Qf4 a6 11. e4 d6 12. e5 Nxe5 13. Nxe5 Bxg2 14. Nxf7 Rxf7 15.
Kxg2 Qc8 16. Qd4 Qc6+ 17. Kg1 d5 18. cxd5 exd5 19. b4 Qc4 20. Rb1 Rc8 21. Nxd5
Qxd5 22. Qxd5 Nxd5 23. Rxd5 Bxb4 24. Be3 Bc5 25. Bxc5 bxc5 26. Rd6 c4 27. Rc1
c3 28. Rd3 c2 29. Rd2 Rfc7 30. Kf1 Rc3 31. Ke1 h6 32. Re2 Kf7 33. Re3 R3c4 34.
Kd2 R8c6 35. h4 1/2-1/2

[Event "Plzen, FSB A"]
[Site "?"]
[Date "2001.??.??"]
[Round "4.17"]
[White "Snajdr, J."]
[Black "Jirka, J."]
[Result "0-1"]
[WhiteElo "2026"]
[BlackElo "2292"]
[PlyCount "64"]
[EventDate "2000.??.??"]
[Source "ChessBase"]
[SourceDate "1996.11.15"]

1. d4 d5 2. c4 c6 3. Nf3 Nf6 4. e3 a6 5. Nc3 b5 6. cxd5 cxd5 7. Bd3 Bg4 8. h3
Bh5 9. Bd2 e6 10. a4 b4 11. Ne2 Bxf3 12. gxf3 a5 13. e4 Be7 14. Bf4 O-O 15. Rc1
Ne8 16. Qc2 g6 17. Rg1 Nd7 18. Qc6 Nb6 19. Qb5 Nd6 20. Bxd6 Bxd6 21. Rc6 Nc8
22. e5 Bc7 23. Bxg6 hxg6 24. Qd3 Ne7 25. Nf4 Qd7 26. Rc1 Kh8 27. h4 Rg8 28. Rg5
Nf5 29. Kd2 Bd8 30. Rg4 Rc8 31. Rcg1 b3 32. Qxb3 Nxd4 0-1

[Event "Plzen, FSB A"]
[Site "?"]
[Date "2001.??.??"]
[Round "4.18"]
[White "Folk, P."]
[Black "Kukacka, M."]
[Result "1/2-1/2"]
[WhiteElo "2289"]
[BlackElo "2123"]
[PlyCount "45"]
[EventDate "2000.??.??"]
[Source "ChessBase"]
[SourceDate "1996.11.15"]

1. e4 e6 2. d4 d5 3. Nc3 dxe4 4. Nxe4 Nc6 5. Nf3 e5 6. Bg5 f6 7. Be3 Bg4 8.
dxe5 Qxd1+ 9. Rxd1 Nxe5 10. Bb5+ Bd7 11. Bxd7+ Nxd7 12. Nd4 O-O-O 13. O-O Re8
14. Nc3 Bc5 15. Rfe1 Ne7 16. Ndb5 Bxe3 17. Rxe3 Nc6 18. Nd5 Rxe3 19. fxe3 Nde5
20. Nbxc7 Nc4 21. b3 Nxe3 22. Nxe3 Kxc7 23. Nd5+ 1/2-1/2

[Event "Plzen, FSB A"]
[Site "?"]
[Date "2001.??.??"]
[Round "4.19"]
[White "Porat, S."]
[Black "Cvikl, M."]
[Result "1-0"]
[WhiteElo "2230"]
[BlackElo "2038"]
[PlyCount "51"]
[EventDate "2000.??.??"]
[Source "ChessBase"]
[SourceDate "1996.11.15"]

1. d4 Nf6 2. c4 g6 3. Nc3 Bg7 4. e4 d6 5. Nf3 O-O 6. Be2 e5 7. O-O Nc6 8. d5
Ne7 9. a4 Nd7 10. a5 a6 11. b4 f5 12. Nd2 Nf6 13. c5 fxe4 14. Ndxe4 Nxe4 15.
Nxe4 Nf5 16. Bg5 Qd7 17. Rc1 h6 18. Be3 Qe7 19. cxd6 Nxd6 20. Nxd6 cxd6 21. Qd2
Kh7 22. Bb6 Rf4 23. Rc7 Qg5 24. Be3 Qd8 25. Rfc1 Rf8 26. Bxh6 1-0

[Event "Plzen, FSB A"]
[Site "?"]
[Date "2001.??.??"]
[Round "4.20"]
[White "Tuzil, V."]
[Black "Juptner, J."]
[Result "1/2-1/2"]
[WhiteElo "1992"]
[BlackElo "2229"]
[PlyCount "164"]
[EventDate "2000.??.??"]
[Source "ChessBase"]
[SourceDate "1996.11.15"]

1. f4 d5 2. Nf3 Nf6 3. b3 g6 4. Bb2 Bg7 5. e3 O-O 6. Be2 c5 7. O-O Nc6 8. Bb5
Bd7 9. a4 b6 10. Qe2 Ne8 11. Bxg7 Nxg7 12. Nc3 Nb4 13. Bxd7 Qxd7 14. Rfc1 Rac8
15. a5 d4 16. Ne4 d3 17. cxd3 Nxd3 18. Rc3 Rfd8 19. axb6 axb6 20. Nf2 Nb4 21.
Kf1 Nf5 22. Ne4 Nd3 23. Nf2 Nb4 24. Ne4 Qc6 25. Nf2 Ra8 26. Rcc1 f6 27. Qc4+
Kg7 28. Qe4 Qxe4 29. Nxe4 h5 30. Ke2 Kf7 31. g3 Nc6 32. Rf1 Nd6 33. Nxd6+ exd6
34. d3 d5 35. Rfc1 Re8 36. Kd2 Na5 37. Rab1 Ra7 38. b4 Nb7 39. bxc5 Nxc5 40.
Ne1 Ra3 41. Ke2 d4 42. e4 Na4 43. Rc7+ Re7 44. Rxe7+ Kxe7 45. Rb4 Nc3+ 46. Kd2
Ra2+ 47. Nc2 Ne2 48. Rxb6 Ng1 49. Kc1 Ne2+ 50. Kd1 h4 51. Rb7+ Kf8 52. Rb4 h3
53. e5 fxe5 54. fxe5 Nxg3 55. Rxd4 g5 56. Rg4 Nf1 57. Rxg5 Nxh2 58. Rg3 Ke7 59.
Rxh3 Ng4 60. Rh5 Ra5 61. Rh7+ Ke8 62. e6 Rd5 63. Kd2 Rd6 64. Ne3 Nxe3 65. Kxe3
Rxe6+ 66. Kd4 Rg6 67. Kc4 Kd8 68. d4 Kc8 69. Kc5 Kd8 70. Rh8+ Kd7 71. Rh7+ Kd8
72. Rb7 Kc8 73. Rb6 Rxb6 74. Kxb6 Kd7 75. Kc5 Kc7 76. d5 Kd7 77. d6 Kd8 78. Kd5
Kd7 79. Ke5 Kd8 80. Ke6 Ke8 81. Ke5 Kd7 82. Kd5 Kd8 1/2-1/2

[Event "Plzen, FSB A"]
[Site "?"]
[Date "2001.??.??"]
[Round "4.21"]
[White "Miskovsky, P."]
[Black "Seeger, W."]
[Result "0-1"]
[WhiteElo "2209"]
[BlackElo "2150"]
[PlyCount "62"]
[EventDate "2000.??.??"]
[Source "ChessBase"]
[SourceDate "1996.11.15"]

1. Nf3 d5 2. b3 Bf5 3. Bb2 e6 4. d3 Nf6 5. Nbd2 Nbd7 6. g3 Bc5 7. e3 O-O 8. Bg2
h6 9. O-O c6 10. Qe2 Qe7 11. a3 a5 12. c4 Bh7 13. d4 Bb6 14. Rac1 Bc7 15. Ne5
Nxe5 16. dxe5 Nd7 17. f4 Bb6 18. Kh1 Bc5 19. a4 Ba3 20. Bxa3 Qxa3 21. cxd5 exd5
22. Rc3 Qe7 23. Rfc1 f6 24. e4 dxe4 25. exf6 Nxf6 26. Re1 Rfe8 27. g4 Nd5 28.
Qc4 Kh8 29. Nxe4 Nxc3 30. Qxc3 Qb4 31. Qxb4 axb4 0-1

[Event "Plzen, FSB A"]
[Site "?"]
[Date "2001.??.??"]
[Round "4.22"]
[White "Hroch, J."]
[Black "Rodkin, R."]
[Result "0-1"]
[WhiteElo "1969"]
[BlackElo "2314"]
[PlyCount "135"]
[EventDate "2000.??.??"]
[Source "ChessBase"]
[SourceDate "1996.11.15"]

1. e4 c5 2. c3 d5 3. exd5 Qxd5 4. d4 Nf6 5. Nf3 e6 6. Be2 Nc6 7. O-O cxd4 8.
cxd4 a6 9. Bf4 Be7 10. Nc3 Qd8 11. Be5 O-O 12. Bd3 b5 13. Qe2 Bb7 14. Rfd1 g6
15. Rac1 Rc8 16. h3 Nb4 17. Bb1 Nbd5 18. Ne4 Nxe4 19. Bxe4 Qd7 20. Qd2 f6 21.
Qh6 Bd8 22. Rxc8 Bxc8 23. Bg3 Bb7 24. Re1 Ba5 25. Re2 Rc8 26. Rc2 Rxc2 27. Bxc2
Ne7 28. Qh4 Kg7 29. Ne5 Qd5 30. Nf3 Nf5 31. Bxf5 exf5 32. a3 g5 33. Qh5 f4 34.
Bh2 Bb6 35. h4 h6 36. Qe8 Bc6 37. Qe7+ Kg6 38. hxg5 hxg5 39. Qe2 Qe4 40. Qxe4+
Bxe4 41. Nd2 Bd5 42. g3 f3 43. g4 Bxd4 44. Bd6 Bxb2 45. Nf1 a5 46. Ne3 Bb3 47.
Kf1 Bc3 48. Bc7 a4 49. Bb6 Be6 50. Kg1 Bd2 51. Kh2 b4 52. axb4 a3 53. Nc2 a2
54. Bd4 Bf4+ 55. Kg1 Bxg4 56. b5 Bd6 57. b6 Bc8 58. Kf1 Bf5 59. Na1 Be4 60. Nb3
g4 61. Kg1 f5 62. Bc3 Kf7 63. Na5 Ke6 64. Nc4 Bb8 65. Na5 Be5 66. Bxe5 Kxe5 67.
Nb3 Bd5 68. Na1 0-1

[Event "Plzen, FSB A"]
[Site "?"]
[Date "2001.??.??"]
[Round "4.23"]
[White "Konopka, M."]
[Black "Chalupecky, V."]
[Result "1-0"]
[WhiteElo "2479"]
[BlackElo "2103"]
[PlyCount "53"]
[EventDate "2000.??.??"]
[Source "ChessBase"]
[SourceDate "1996.11.15"]

1. Nf3 d5 2. d4 Nf6 3. c4 c6 4. Qc2 g6 5. Bf4 Bg7 6. e3 O-O 7. Nc3 Nbd7 8. h3
Qa5 9. a3 dxc4 10. Bxc4 Nb6 11. b4 Qf5 12. Bd3 Qd7 13. O-O Nfd5 14. Bg3 Nxc3
15. Qxc3 Nd5 16. Qb2 Nc7 17. Rac1 a6 18. Rfd1 Ne6 19. Ne5 Bxe5 20. Bxe5 Rd8 21.
Bc4 f6 22. Bg3 Kg7 23. e4 b5 24. Bb3 Bb7 25. d5 cxd5 26. exd5 Bxd5 27. Rxd5 1-0

[Event "Plzen, FSB A"]
[Site "?"]
[Date "2001.??.??"]
[Round "4.24"]
[White "Jedlicka, A."]
[Black "Priborsky, I."]
[Result "1/2-1/2"]
[WhiteElo "2253"]
[BlackElo "2084"]
[PlyCount "64"]
[EventDate "2000.??.??"]
[Source "ChessBase"]
[SourceDate "1996.11.15"]

1. d4 Nf6 2. c4 g6 3. Nc3 Bg7 4. e4 d6 5. Be2 O-O 6. Nf3 e5 7. O-O Nc6 8. Be3
exd4 9. Nxd4 Re8 10. f3 Nxd4 11. Bxd4 Be6 12. Qd2 Qe7 13. Nd5 Nxd5 14. cxd5
Bxd4+ 15. Qxd4 c5 16. dxc6 bxc6 17. Rfd1 d5 18. exd5 Bxd5 19. Bf1 Rad8 20. Qc3
Qg5 21. Re1 h5 22. a3 h4 23. Rad1 Qf5 24. Re3 Rb8 25. b4 h3 26. g3 Rxe3 27.
Qxe3 Qxf3 28. Qxf3 Bxf3 29. Rd7 Ra8 30. Bc4 Bd5 31. Bxd5 cxd5 32. Rxd5 Rc8
1/2-1/2

[Event "Plzen, FSB A"]
[Site "?"]
[Date "2001.??.??"]
[Round "4.25"]
[White "Bartos, J."]
[Black "Skacel, J."]
[Result "1/2-1/2"]
[WhiteElo "2229"]
[BlackElo "2095"]
[PlyCount "111"]
[EventDate "2000.??.??"]
[Source "ChessBase"]
[SourceDate "1996.11.15"]

1. d4 Nf6 2. c4 g6 3. Nc3 Bg7 4. e4 d6 5. Nf3 O-O 6. Be2 e5 7. dxe5 dxe5 8.
Qxd8 Rxd8 9. Bg5 c6 10. Nxe5 Re8 11. O-O-O Na6 12. Rd6 Be6 13. f4 Nc5 14. Bf3
h6 15. Bxf6 Bxf6 16. b3 Bxe5 17. fxe5 Nd7 18. Nd5 cxd5 19. cxd5 Nxe5 20. dxe6
Rxe6 21. Rxe6 fxe6 22. Be2 Kf7 23. Kd2 Ke7 24. Rc1 Rd8+ 25. Ke3 a6 26. Rc7+ Rd7
27. Rxd7+ Nxd7 28. Kd4 Kd6 29. a3 Ne5 30. b4 Nc6+ 31. Ke3 Ke5 32. b5 axb5 33.
Bxb5 Nd4 34. Bd3 Nb3 35. Bc2 Nc5 36. Bb1 g5 37. Bc2 Nd7 38. g3 Nf6 39. h3 Nh5
40. Kf3 Kd4 41. Bb3 Ke5 42. Bc2 b6 43. Bb1 Nf6 44. Ke3 h5 45. h4 Ng4+ 46. Kf3
Kf6 47. Bc2 Ne5+ 48. Kf2 gxh4 49. gxh4 Ng6 50. Bd1 Nf4 51. Ke3 e5 52. Kd2 Ke6
53. Kc3 Kd6 54. Kc4 Kc6 55. Ba4+ Kd6 56. Be8 1/2-1/2

[Event "Plzen, FSB A"]
[Site "?"]
[Date "2001.??.??"]
[Round "4.26"]
[White "Porat, I."]
[Black "Kozak, M."]
[Result "1-0"]
[WhiteElo "2013"]
[BlackElo "2226"]
[PlyCount "120"]
[EventDate "2000.??.??"]
[Source "ChessBase"]
[SourceDate "1996.11.15"]

1. d4 d5 2. c4 e6 3. Nc3 Nf6 4. cxd5 exd5 5. Bg5 Be7 6. e3 c6 7. Bd3 Nbd7 8.
Nf3 O-O 9. Qc2 Re8 10. O-O Nf8 11. h3 Ne4 12. Bf4 Ng5 13. Bxg5 Bxg5 14. Nxg5
Qxg5 15. f4 Qh6 16. Rae1 Bd7 17. Rf3 Ne6 18. Rd1 Re7 19. g4 Rae8 20. Qf2 Nf8
21. Rc1 Qd6 22. Nd1 b6 23. f5 f6 24. Qh2 Qxh2+ 25. Kxh2 a5 26. Rf2 Rb8 27. Rfc2
g5 28. Kg3 Kg7 29. Kf3 Be8 30. b3 h5 31. a3 hxg4+ 32. hxg4 Ra8 33. Nb2 Kg8 34.
e4 Rd8 35. exd5 cxd5 36. Rc7 Rxc7 37. Rxc7 Rd6 38. Ke3 Rd7 39. Rc8 Kf7 40. Kd2
Rd6 41. Nd1 Bc6 42. Nc3 Ke7 43. Bb5 Bd7 44. Rb8 Bxb5 45. Nxb5 Rc6 46. Na7 Rc7
47. Nc8+ Kf7 48. Nxb6 Nd7 49. Nxd5 Rc6 50. Rb5 Ra6 51. Kd3 a4 52. b4 Rc6 53.
Rb7 Ke8 54. Nc3 Rd6 55. Ke4 Nb6 56. d5 Nc4 57. Nb5 Rd8 58. Nc7+ Ke7 59. Nb5+
Kf8 60. Kd4 Ne5 1-0

[Event "Plzen, FSB A"]
[Site "?"]
[Date "2001.??.??"]
[Round "4.27"]
[White "Balin, J."]
[Black "Hercik, J."]
[Result "1/2-1/2"]
[WhiteElo "2212"]
[BlackElo "2065"]
[PlyCount "85"]
[EventDate "2000.??.??"]
[Source "ChessBase"]
[SourceDate "1996.11.15"]

1. e4 e5 2. Bc4 Nc6 3. Nf3 Bc5 4. O-O Nf6 5. Qe2 d6 6. c3 Bg4 7. d3 h6 8. Re1
O-O 9. Bb3 a6 10. Nbd2 Qd7 11. h3 Be6 12. Nf1 b5 13. Ng3 Bb6 14. Bd2 Kh7 15.
Bxe6 fxe6 16. Be3 Bxe3 17. Qxe3 Ne7 18. d4 exd4 19. cxd4 Ng6 20. Rad1 Rae8 21.
Nh2 Qf7 22. Rc1 Qd7 23. Qc3 Rf7 24. Qc6 Nf4 25. Re3 a5 26. Qa6 a4 27. Nf3 Rb8
28. Rec3 Ne8 29. b3 b4 30. Re3 a3 31. Qc4 Qb5 32. Qc2 g6 33. Kh2 Ng7 34. Nf1
Qh5 35. Ng1 Rbf8 36. f3 Qb5 37. Qc6 Rb8 38. Nd2 Qg5 39. g3 Nxh3 40. Re2 Nxg1
41. Rxg1 Qb5 42. Qxb5 Rxb5 43. Kg2 1/2-1/2

[Event "Plzen, FSB A"]
[Site "?"]
[Date "2001.??.??"]
[Round "4.29"]
[White "Priborsky, M."]
[Black "Falout, L."]
[Result "0-1"]
[WhiteElo "1923"]
[BlackElo "2163"]
[PlyCount "66"]
[EventDate "2000.??.??"]
[Source "ChessBase"]
[SourceDate "1996.11.15"]

1. e4 e6 2. d4 d5 3. Nd2 dxe4 4. Nxe4 Nd7 5. Bd3 Ngf6 6. Qe2 Nxe4 7. Bxe4 Nf6
8. Bxb7 Bxb7 9. Qb5+ Qd7 10. Qxb7 Rd8 11. Nf3 Bd6 12. O-O O-O 13. Ne5 Bxe5 14.
dxe5 Ng4 15. Qxa7 Nxe5 16. Bf4 Ng6 17. Qxc7 Qd4 18. Bg5 Rd5 19. c3 Qg4 20. Be3
Rfd8 21. b3 e5 22. Qc4 Qd7 23. Qe2 f5 24. c4 Rd3 25. f3 h6 26. h4 Nxh4 27. b4
Qd6 28. g3 Qg6 29. Kh2 f4 30. gxh4 fxe3 31. Rg1 Qf6 32. Kh3 Qf5+ 33. Rg4 h5 0-1

[Event "Plzen, FSB A"]
[Site "?"]
[Date "2001.??.??"]
[Round "4.30"]
[White "Jedlicka, J."]
[Black "Houskova, M."]
[Result "0-1"]
[WhiteElo "2155"]
[BlackElo "1979"]
[PlyCount "66"]
[EventDate "2000.??.??"]
[Source "ChessBase"]
[SourceDate "1996.11.15"]

1. d4 f5 2. g3 Nf6 3. Bg2 g6 4. c4 Bg7 5. Nc3 e6 6. Bg5 h6 7. Bxf6 Qxf6 8. e3
c6 9. Nge2 d5 10. cxd5 exd5 11. Rc1 O-O 12. Bxd5+ cxd5 13. Nxd5 Qd6 14. Nc7 Be6
15. Nf4 Bxa2 16. Nxa8 Na6 17. Qa4 Bf7 18. O-O Rxa8 19. Rc3 g5 20. Ne2 Bd5 21.
Rfc1 Qe6 22. Qc2 Nb4 23. Qb1 Na2 24. b3 Nxc1 25. Nxc1 Bxd4 26. Rc7 Bb6 27. Rc3
Bc6 28. Ne2 Qd5 29. Rxc6 bxc6 30. g4 Rd8 31. Nc3 Qe5 32. Ne2 Rd2 33. gxf5 Bxe3
0-1

[Event "Plzen, FSB A"]
[Site "?"]
[Date "2001.??.??"]
[Round "5.1"]
[White "Tolstich, N."]
[Black "Simacek, P."]
[Result "1-0"]
[WhiteElo "2436"]
[BlackElo "2404"]
[PlyCount "165"]
[EventDate "2000.??.??"]
[Source "ChessBase"]
[SourceDate "1996.11.15"]

1. Nf3 Nf6 2. c4 g6 3. Nc3 Bg7 4. e4 d6 5. d4 O-O 6. Be2 e5 7. Be3 Ng4 8. Bg5
f6 9. Bh4 Nd7 10. O-O Nh6 11. dxe5 dxe5 12. b4 a5 13. a3 Nf7 14. Nd2 c6 15. Qc2
Qe7 16. Qb2 Rd8 17. c5 axb4 18. axb4 Rxa1 19. Rxa1 b6 20. Ra7 bxc5 21. b5 cxb5
22. Nd5 Qd6 23. Bxb5 Nb6 24. Bc4 Nxc4 25. Nxc4 Qe6 26. f3 Nd6 27. Qb6 Nf7 28.
Rxf7 Qxb6 29. Rxg7+ Kxg7 30. Ncxb6 g5 31. Bf2 c4 32. Nxc4 Be6 33. Ncb6 Kf7 34.
Bc5 Rb8 35. Nb4 Rd8 36. N4d5 Rb8 37. Kf2 Rb7 38. Nc4 Rb1 39. Nd6+ Kg6 40. Ne7+
Kg7 41. g4 Rc1 42. Bb6 Rc2+ 43. Kg3 Rd2 44. Nef5+ Kg6 45. Bd8 Bb3 46. h4 gxh4+
47. Nxh4+ Kg5 48. Bb6 Re2 49. Ndf5 h5 50. Be3+ Rxe3 51. Nxe3 hxg4 52. Nxg4 Be6
53. Ne3 Bc8 54. Nhf5 Bd7 55. Ne7 Be6 56. Nd1 Bb3 57. Nf2 Bc2 58. Nh3+ Kh5 59.
Nf5 Ba4 60. Ne7 Bc2 61. Kf2 Kh4 62. Ng1 Ba4 63. Ne2 Bb5 64. Ng3 Bd7 65. Ngf5+
Kg5 66. Kg3 Be6 67. Ne3 Bb3 68. Nc6 Ba4 69. Nxe5 fxe5 70. Ng4 Bc2 71. Nxe5 Bb1
72. f4+ Kf6 73. Kf3 Ke6 74. Nc6 Kd6 75. Ne5 Ba2 76. Ng4 Be6 77. f5 Bc8 78. Kf4
Ke7 79. e5 Bd7 80. Nf6 Bc8 81. Nd5+ Kf7 82. Kg5 Bd7 83. Nf4 1-0

[Event "Plzen, FSB A"]
[Site "?"]
[Date "2001.??.??"]
[Round "5.2"]
[White "Cvek, R."]
[Black "Trickov, V."]
[Result "1/2-1/2"]
[WhiteElo "2411"]
[BlackElo "2313"]
[PlyCount "35"]
[EventDate "2000.??.??"]
[Source "ChessBase"]
[SourceDate "1996.11.15"]

1. c4 Nf6 2. Nc3 e5 3. Nf3 Nc6 4. d3 Be7 5. g3 d5 6. cxd5 Nxd5 7. Bg2 Be6 8.
O-O O-O 9. Bd2 a5 10. a3 Nb6 11. Na4 Ra6 12. Nxb6 Rxb6 13. Bc3 Bf6 14. Nd2 Bd5
15. Bxd5 Qxd5 16. Nc4 Ra6 17. Ne3 Qe6 18. a4 1/2-1/2

[Event "Plzen, FSB A"]
[Site "?"]
[Date "2001.??.??"]
[Round "5.3"]
[White "Vesselovsky, S."]
[Black "Dolezal, R."]
[Result "1/2-1/2"]
[WhiteElo "2405"]
[BlackElo "2390"]
[PlyCount "63"]
[EventDate "2000.??.??"]
[Source "ChessBase"]
[SourceDate "1996.11.15"]

1. e4 e5 2. Nf3 Nc6 3. Bb5 a6 4. Ba4 Nf6 5. O-O Be7 6. Re1 b5 7. Bb3 O-O 8. a4
Bb7 9. d3 d6 10. c3 Na5 11. Ba2 c5 12. Na3 Bc6 13. b4 Nb7 14. bxc5 Nxc5 15.
axb5 axb5 16. Nc2 Na4 17. Nb4 Bb7 18. Bd2 Qd7 19. Qb1 Bd8 20. Rc1 h6 21. c4
bxc4 22. Bxc4 Nc5 23. Rxa8 Bxa8 24. Be3 Ne6 25. Qa2 Bb7 26. Nd5 Ng4 27. Qb2 Ng5
28. Bxg5 Bxg5 29. Nxg5 hxg5 30. h3 Bxd5 31. Bxd5 Nf6 32. Bc4 1/2-1/2

[Event "Plzen, FSB A"]
[Site "?"]
[Date "2001.??.??"]
[Round "5.4"]
[White "Krapivin, V."]
[Black "Gross, S."]
[Result "1/2-1/2"]
[WhiteElo "2339"]
[BlackElo "2391"]
[PlyCount "33"]
[EventDate "2000.??.??"]
[Source "ChessBase"]
[SourceDate "1996.11.15"]

1. e4 c5 2. Nc3 Nc6 3. g3 e6 4. Bg2 Nf6 5. Nge2 d6 6. O-O Be7 7. d4 cxd4 8.
Nxd4 Bd7 9. b3 a6 10. Bb2 Qc7 11. Nce2 O-O 12. h3 Rac8 13. c4 Nxd4 14. Nxd4 b5
15. cxb5 axb5 16. Qd2 Rfd8 17. Rfc1 1/2-1/2

[Event "Plzen, FSB A"]
[Site "?"]
[Date "2001.??.??"]
[Round "5.5"]
[White "Vokac, M."]
[Black "Chudinovskich, A."]
[Result "0-1"]
[WhiteElo "2507"]
[BlackElo "2362"]
[PlyCount "102"]
[EventDate "2000.??.??"]
[Source "ChessBase"]
[SourceDate "1996.11.15"]

1. d4 Nf6 2. c4 e6 3. Nf3 c5 4. d5 exd5 5. cxd5 d6 6. Nc3 g6 7. Bg5 h6 8. Bh4
Nbd7 9. Nd2 g5 10. Bg3 Nh5 11. e3 Nxg3 12. hxg3 a6 13. a4 Bg7 14. Nc4 Ne5 15.
Nxe5 Bxe5 16. Qc2 Bd7 17. Be2 Rb8 18. O-O Qe7 19. f4 Bg7 20. Nd1 h5 21. Bd3 h4
22. Qf2 hxg3 23. Qxg3 Bf6 24. Nf2 g4 25. f5 Bxb2 26. Rab1 Be5 27. Qxg4 Bh2+ 28.
Kh1 Kd8 29. Nh3 Be5 30. Bxa6 Kc7 31. Qc4 Qg5 32. Rf3 bxa6 33. Rxb8 Kxb8 34.
Qxa6 Bc8 35. Qb5+ Ka7 36. a5 Qd8 37. Kg1 Ba6 38. Qa4 Qb8 39. Qc2 Qb4 40. Qd1
Qxa5 41. Ng5 Bh2+ 42. Kh1 Bf4+ 43. Nh3 Be5 44. Kg1 c4 45. Ng5 Bh2+ 46. Kh1 Bf4+
47. Kg1 Bh2+ 48. Kh1 Be5+ 49. Kg1 c3 50. Nxf7 c2 51. Qc1 Bb2 0-1

[Event "Plzen, FSB A"]
[Site "?"]
[Date "2001.??.??"]
[Round "5.6"]
[White "Gross, D."]
[Black "Lys, J."]
[Result "1-0"]
[WhiteElo "2465"]
[BlackElo "2353"]
[PlyCount "69"]
[EventDate "2000.??.??"]
[Source "ChessBase"]
[SourceDate "1996.11.15"]

1. e4 c6 2. d4 d5 3. Nc3 g6 4. e5 Bg7 5. f4 h5 6. Nf3 Nh6 7. Be3 Qb6 8. Na4
Qa5+ 9. c3 Bf5 10. Be2 Nd7 11. O-O Nb6 12. Nc5 Nc4 13. Bc1 b5 14. h3 e6 15. Ng5
h4 16. Qe1 Bf8 17. b4 Qd8 18. Qxh4 Bxc5 19. bxc5 Qa5 20. Qe1 Bc2 21. Rf2 Qa4
22. g4 Ng8 23. Bf3 Bd3 24. Bd1 Qa6 25. Rf3 Be4 26. Nxe4 dxe4 27. Qxe4 Ne7 28.
a4 Nd5 29. Qb1 Qb7 30. Be2 Rb8 31. Kh2 O-O 32. f5 exf5 33. gxf5 Ne7 34. Bh6
Rfe8 35. Bd3 1-0

[Event "Plzen, FSB A"]
[Site "?"]
[Date "2001.??.??"]
[Round "5.7"]
[White "Jirka, J."]
[Black "Lechtynsky, J."]
[Result "0-1"]
[WhiteElo "2292"]
[BlackElo "2422"]
[PlyCount "115"]
[EventDate "2000.??.??"]
[Source "ChessBase"]
[SourceDate "1996.11.15"]

1. d4 Nf6 2. c4 e6 3. g3 Bb4+ 4. Bd2 Be7 5. Bg2 d5 6. Nf3 O-O 7. O-O Nbd7 8.
Qc2 c6 9. Bf4 b6 10. Rd1 Bb7 11. Nc3 Rc8 12. b3 Ba6 13. e4 dxc4 14. Qe2 Bb4 15.
Rac1 b5 16. bxc4 bxc4 17. Bd2 Re8 18. e5 Bxc3 19. Bxc3 Nd5 20. Nd2 f5 21. exf6
Qxf6 22. Ne4 Qe7 23. Re1 Bb5 24. Qd2 h6 25. f4 Rb8 26. Nf2 N7b6 27. Bh3 Qf8 28.
Rxe6 Na4 29. Ne4 Rxe6 30. Bxe6+ Kh8 31. f5 Rd8 32. Qg2 Naxc3 33. Nxc3 Nxc3 34.
Rxc3 Qf6 35. Qf2 Rxd4 36. Qe3 Rd8 37. h4 Qd4 38. Qxd4 Rxd4 39. Rc2 a5 40. Kf2
a4 41. Ke3 Rd3+ 42. Kf4 a3 43. g4 c3 44. Ke4 Rg3 45. Kd4 Rxg4+ 46. Kxc3 Rxh4
47. Rd2 Rh3+ 48. Kb4 Rd3 49. Rh2 Rf3 50. Rd2 Bd3 51. Bd7 c5+ 52. Kxc5 Bxf5 53.
Bc6 Rc3+ 54. Kb6 h5 55. Be8 g6 56. Ka5 Kg7 57. Kb4 Re3 58. Ba4 0-1

[Event "Plzen, FSB A"]
[Site "?"]
[Date "2001.??.??"]
[Round "5.8"]
[White "Galicek, S."]
[Black "Chytilek, R."]
[Result "1/2-1/2"]
[WhiteElo "2172"]
[BlackElo "2411"]
[PlyCount "54"]
[EventDate "2000.??.??"]
[Source "ChessBase"]
[SourceDate "1996.11.15"]

1. d4 g6 2. c4 Bg7 3. g3 Nf6 4. Bg2 O-O 5. Nc3 d6 6. Nf3 c6 7. O-O Qa5 8. e4
Bg4 9. h3 Bxf3 10. Bxf3 Nfd7 11. Be3 c5 12. e5 cxd4 13. Bxd4 Nc6 14. Bxc6 bxc6
15. exd6 e5 16. Be3 Qb4 17. Na4 Qxc4 18. Qb3 Qe4 19. Rac1 Qf5 20. Nc5 Qxh3 21.
Nxd7 Qxd7 22. Rfd1 h6 23. Qa4 Rfc8 24. Qh4 Rab8 25. b3 g5 26. Qc4 Kh8 27. Kg2
Rb7 1/2-1/2

[Event "Plzen, FSB A"]
[Site "?"]
[Date "2001.??.??"]
[Round "5.9"]
[White "Cioara, A."]
[Black "Seleljo, D."]
[Result "1-0"]
[WhiteElo "2403"]
[BlackElo "2273"]
[PlyCount "79"]
[EventDate "2000.??.??"]
[Source "ChessBase"]
[SourceDate "1996.11.15"]

1. e4 e5 2. Nf3 d6 3. d4 Nf6 4. Nc3 Nbd7 5. Bc4 Be7 6. O-O O-O 7. Re1 c6 8. a4
b6 9. h3 Bb7 10. dxe5 dxe5 11. Nh4 g6 12. Bh6 Re8 13. Nf3 Bf8 14. Qd2 Nc5 15.
Qe3 Qe7 16. Rad1 Ba6 17. Ba2 Bc8 18. b4 Na6 19. b5 Nb4 20. Bxf8 Qxf8 21. Bb3
Be6 22. Qg5 Qg7 23. bxc6 h6 24. Qd2 Bxb3 25. cxb3 Nxc6 26. Nd5 Nxd5 27. exd5
Na5 28. Qb4 Rad8 29. d6 f6 30. Rd5 Qf7 31. Red1 Rd7 32. h4 Nb7 33. h5 g5 34.
Nh2 f5 35. g4 Kg7 36. gxf5 Qxf5 37. Ng4 Nc5 38. Re1 Nd3 39. Qe4 Qf4 40. Rxd3
1-0